[Event "EU-ch U12 24th"]
[Site "Batumi"]
[Date "2014.10.26"]
[Round "7"]
[White "Manafov, Rafail"]
[Black "Vrolijk, Liam"]
[Result "0-1"]
[WhiteElo "1567"]
[BlackElo "1839"]
[PlyCount "40"]
[EventDate "2014.10.19"]
[EventType "swiss"]
[EventRounds "9"]
[EventCountry "GEO"]
[SourceTitle "EXT 2016"]
[Source "ChessBase"]
[SourceDate "2015.10.08"]
[SourceVersion "1"]
[SourceVersionDate "2015.10.08"]
[SourceQuality "1"]

1. c4 Nf6 2. Nc3 g6 3. g3 Bg7 4. Bg2 0-0 5. e3 d6 6. Nge2 Nc6 7. d4 a6 8. 0-0 Rb8 9. b3 Bd7 10. a4 e5 11. Ba3 Re8 12. Ra2 e4 13. d5 Ne5 14. Nd4 Bg4 15. Qc2 Nf3+ 16. Nxf3 exf3 17. Bh1 Nd7 18. Rd1 Qg5 19. Ne4 Qh5 20. Nc3 Qh3 0-1

[Event "EU-ch U12 24th"]
[Site "Batumi"]
[Date "2014.10.21"]
[Round "3"]
[White "Manafov, Rafail"]
[Black "Thybo, Thomas Sondergaard"]
[Result "1-0"]
[WhiteElo "1567"]
[BlackElo "1813"]
[PlyCount "49"]
[EventDate "2014.10.19"]
[EventType "swiss"]
[EventRounds "9"]
[EventCountry "GEO"]
[SourceTitle "EXT 2016"]
[Source "ChessBase"]
[SourceDate "2015.10.08"]
[SourceVersion "1"]
[SourceVersionDate "2015.10.08"]
[SourceQuality "1"]

1. c4 Nf6 2. d4 g6 3. Nc3 Bg7 4. g3 c6 5. Bg2 Na6 6. e4 d6 7. Nge2 0-0 8. 0-0 e5 9. h3 Re8 10. b3 exd4 11. Nxd4 Nc5 12. Re1 Ne6 13. Be3 Nxd4 14. Bxd4 c5 15. Bxf6 Bxf6 16. Rc1 Bd7 17. Qxd6 Bd4 18. Ne2 Re6 19. Qd5 Bc6 20. Qxd8+ Rxd8 21. Nf4 Re7 22. Nd5 Re5 23. Kf1 Bxd5 24. cxd5 f6 25. f4 1-0